|
|
|
|
| LEADER |
00000cam a22000002c 4500 |
| 001 |
1912628287 |
| 003 |
DE-627 |
| 005 |
20250122055017.0 |
| 007 |
cr uuu---uuuuu |
| 008 |
241217s2011 xx |||||o 00| ||eng c |
| 035 |
|
|
|a (DE-627)1912628287
|
| 035 |
|
|
|a (DE-599)KXP1912628287
|
| 040 |
|
|
|a DE-627
|b ger
|c DE-627
|e rda
|
| 041 |
|
|
|a eng
|
| 084 |
|
|
|a 2,1
|2 ssgn
|
| 100 |
1 |
|
|a Rossman, Shelli B.
|e VerfasserIn
|4 aut
|
| 245 |
1 |
4 |
|a The Multi-Site Adult Drug Court Evaluation: Study Overview and Design, Volume 1
|
| 264 |
|
1 |
|a [Erscheinungsort nicht ermittelbar]
|b Urban Institute
|c 2011
|
| 336 |
|
|
|a Text
|b txt
|2 rdacontent
|
| 337 |
|
|
|a Computermedien
|b c
|2 rdamedia
|
| 338 |
|
|
|a Online-Ressource
|b cr
|2 rdacarrier
|
| 700 |
1 |
|
|a Fahrney, Kristine
|e VerfasserIn
|4 aut
|
| 700 |
1 |
|
|a Downey, P. Mitchell
|e VerfasserIn
|4 aut
|
| 700 |
1 |
|
|a Willison, Janeen B.
|e VerfasserIn
|4 aut
|
| 700 |
1 |
|
|a Rempel, Michael N.
|d 1981-
|e VerfasserIn
|0 (DE-588)1165092573
|0 (DE-627)102927875X
|0 (DE-576)510245226
|4 aut
|
| 700 |
1 |
|
|a Lindquist, Christine
|d 1970-
|e VerfasserIn
|0 (DE-588)1192696255
|0 (DE-627)1671189159
|0 (DE-576)178181528
|4 aut
|
| 700 |
1 |
|
|a Zweig, Janine M.
|e VerfasserIn
|4 aut
|
| 700 |
1 |
|
|a Roman, John K.
|d 1969-
|e VerfasserIn
|0 (DE-588)143668498
|0 (DE-627)704563983
|0 (DE-576)336208502
|4 aut
|
| 787 |
0 |
8 |
|i Forschungsdaten
|a Rossman, Shelli B.
|t Multi-Site Adult Drug Court Evaluation (MADCE), 2003-2009
|d [Erscheinungsort nicht ermittelbar] : [Verlag nicht ermittelbar], 2012
|w (DE-627)1840049189
|
| 856 |
4 |
0 |
|u http://www.ncjrs.gov/App/publications/abstract.aspx?ID=259135
|x Verlag
|z lizenzpflichtig
|3 Volltext
|7 1
|
| 856 |
4 |
0 |
|u https://www.ncjrs.gov/pdffiles1/nij/grants/237109.pdf
|q application/pdf
|x Verlag
|z lizenzpflichtig
|3 Volltext
|7 1
|
| 935 |
|
|
|a mkri
|
| 951 |
|
|
|a BO
|
| ELC |
|
|
|a 1
|
| LOK |
|
|
|0 000 xxxxxcx a22 zn 4500
|
| LOK |
|
|
|0 001 4637593808
|
| LOK |
|
|
|0 003 DE-627
|
| LOK |
|
|
|0 004 1912628287
|
| LOK |
|
|
|0 005 20241217044727
|
| LOK |
|
|
|0 008 241217||||||||||||||||ger|||||||
|
| LOK |
|
|
|0 035
|a (DE-2619)ICPSR106941
|
| LOK |
|
|
|0 040
|a DE-2619
|c DE-627
|d DE-2619
|
| LOK |
|
|
|0 092
|o n
|
| LOK |
|
|
|0 852
|a DE-2619
|
| LOK |
|
|
|0 852 1
|9 00
|
| LOK |
|
|
|0 935
|a nacp
|
| LOK |
|
|
|0 939
|a 17-12-24
|b l01
|
| ORI |
|
|
|a SA-MARC-krimdoka001.raw
|